[Event "Wch U12 Girls"]
[Site "Montesilvano"]
[Date "2024.11.19"]
[Round "5"]
[White "Jacome Revelo, Daniela Alexandra"]
[Black "Bogomolnikova, Zlata"]
[Result "1/2-1/2"]
[WhiteElo "1764"]
[BlackElo "1628"]
[PlyCount "51"]
[EventDate "2024.11.15"]
[EventType "swiss"]
[EventRounds "11"]
[EventCountry "ITA"]
[SourceTitle "CB48_2024"]
[SourceDate "2024.11.28"]
[SourceVersion "1"]
[SourceVersionDate "2024.11.28"]
[SourceQuality "1"]

1. e4 c5 2. Nf3 d6 3. d4 cxd4 4. Nxd4 Nf6 5. Nc3 a6 6. Be2 e5 7. Nb3 Be6 8. Be3 Be7 9. f3 Nbd7 10. Qd2 b5 11. Nd5 Rc8 12. Na5 Bxd5 13. exd5 Qc7 14. Rc1 Nxd5 15. Qxd5 Qxa5+ 16. c3 0-0 17. 0-0 Nf6 18. Qd3 Rc6 19. a3 Rfc8 20. Kh1 Qc7 21. g4 Nd7 22. f4 Nc5 23. Qd5 exf4 24. Rxf4 Bf6 25. Rcf1 Qe7 26. R4f3 1/2-1/2

[Event "Popayan Yeika op 1st"]
[Site "Popayan"]
[Date "2024.10.13"]
[Round "5"]
[White "Jacome Revelo, Daniela Alexandra"]
[Black "Vasquez, Diego"]
[Result "1-0"]
[WhiteElo "1715"]
[BlackElo "1625"]
[PlyCount "35"]
[EventDate "2024.10.11"]
[EventType "swiss"]
[EventRounds "7"]
[EventCountry "COL"]
[SourceTitle "CB43_2024"]
[Source "Chessbase"]
[SourceDate "2024.10.23"]
[SourceVersion "1"]
[SourceVersionDate "2024.10.23"]
[SourceQuality "1"]

1. e4 c5 2. Nf3 d6 3. Bb5+ Nc6 4. d4 cxd4 5. Nxd4 Bd7 6. Bxc6 bxc6 7. Qf3 Qb6 8. Nb3 g6 9. Nc3 Nf6 10. Be3 Qb4 11. 0-0 Bg7 12. h3 0-0 13. Rfd1 c5 14. e5 Ng4 15. a3 Nxe5 16. Qxa8 Qxc3 17. Qxf8+ Kxf8 18. bxc3 1-0

[Event "Popayan Yeika op 1st"]
[Site "Popayan"]
[Date "2024.10.12"]
[Round "3"]
[White "Otero Velasco, Javier Andres"]
[Black "Jacome Revelo, Daniela Alexandra"]
[Result "1-0"]
[WhiteElo "1646"]
[BlackElo "1715"]
[PlyCount "59"]
[EventDate "2024.10.11"]
[EventType "swiss"]
[EventRounds "7"]
[EventCountry "COL"]
[SourceTitle "CB43_2024"]
[Source "Chessbase"]
[SourceDate "2024.10.23"]
[SourceVersion "1"]
[SourceVersionDate "2024.10.23"]
[SourceQuality "1"]

1. e4 c5 2. d3 g6 3. c4 Nc6 4. Be2 d6 5. Nc3 Bg7 6. Nf3 Nf6 7. a3 0-0 8. 0-0 a6 9. Rb1 Nd4 10. h3 Bd7 11. Be3 Nxe2+ 12. Qxe2 b5 13. Nh2 bxc4 14. dxc4 Bc6 15. Qd3 Qd7 16. f3 a5 17. Ng4 Nxg4 18. hxg4 Rfb8 19. b3 Rb7 20. a4 Bxc3 21. Qxc3 Rab8 22. Rfd1 Bxa4 23. Bxc5 Rxb3 24. Rxb3 Bxb3 25. Rd3 Qa4 26. Be3 Bxc4 27. Bh6 f6 28. Rd4 Rc8 29. g5 fxg5 30. Rxc4 1-0

[Event "Pereira Cosecha op"]
[Site "Pereira"]
[Date "2024.09.01"]
[Round "8"]
[White "Hurtado Manrique, Jorge Uriel"]
[Black "Jacome Revelo, Daniela Alexandra"]
[Result "0-1"]
[WhiteElo "1547"]
[BlackElo "1670"]
[PlyCount "26"]
[EventDate "2024.08.28"]
[EventType "swiss"]
[EventRounds "9"]
[EventCountry "COL"]
[SourceTitle "EXT 2025"]
[Source "ChessBase"]
[SourceDate "2024.10.14"]
[SourceVersion "1"]
[SourceVersionDate "2024.10.14"]
[SourceQuality "1"]

1. d4 d5 2. Bf4 Bf5 3. e3 Nc6 4. c3 e6 5. Nf3 Bd6 6. Ne5 Nf6 7. g4 Bxe5 8. Bxe5 Nxe5 9. dxe5 Bxb1 10. Rxb1 Ne4 11. Bd3 0-0 12. Bxe4 dxe4 13. Qxd8 Raxd8 0-1

[Event "Pereira Cosecha op"]
[Site "Pereira"]
[Date "2024.08.30"]
[Round "5"]
[White "Jacome Revelo, Daniela Alexandra"]
[Black "Banol Banol, Jose Daniel"]
[Result "0-1"]
[WhiteElo "1670"]
[BlackElo "1769"]
[PlyCount "80"]
[EventDate "2024.08.28"]
[EventType "swiss"]
[EventRounds "9"]
[EventCountry "COL"]
[SourceTitle "EXT 2025"]
[Source "ChessBase"]
[SourceDate "2024.10.14"]
[SourceVersion "1"]
[SourceVersionDate "2024.10.14"]
[SourceQuality "1"]

1. e4 Nf6 2. e5 Nd5 3. d4 d6 4. c4 Nb6 5. exd6 cxd6 6. Nc3 g6 7. Be3 Bg7 8. Rc1 Nc6 9. b3 0-0 10. Be2 h6 11. Nf3 Bg4 12. h3 Bxf3 13. Bxf3 Rc8 14. Qd2 Kh7 15. h4 e5 16. d5 Ne7 17. h5 g5 18. c5 dxc5 19. d6 Nc6 20. d7 Qxd7 21. Qc2+ f5 22. Bxc6 Qxc6 23. Rh2 Nd5 24. Nxd5 Qxd5 25. g4 e4 26. Rd1 Qe5 27. Rg2 f4 28. Bc1 Qc3+ 29. Qxc3 Bxc3+ 30. Bd2 Bxd2+ 31. Rxd2 Rcd8 32. Rc2 b6 33. Rc1 Rd3 34. Rg1 Rfd8 35. Ra1 Rd2 36. Rf1 Rb2 37. Rg1 Rdd2 38. Rf1 Re2+ 39. Kd1 Rbd2+ 40. Kc1 Rxf2 0-1

[Event "Pereira Cosecha op"]
[Site "Pereira"]
[Date "2024.08.28"]
[Round "1"]
[White "Rueda Rojas, Richard Alejandro"]
[Black "Jacome Revelo, Daniela Alexandra"]
[Result "1-0"]
[WhiteElo "1976"]
[BlackElo "1670"]
[PlyCount "53"]
[EventDate "2024.08.28"]
[EventType "swiss"]
[EventRounds "9"]
[EventCountry "COL"]
[SourceTitle "EXT 2025"]
[Source "ChessBase"]
[SourceDate "2024.10.14"]
[SourceVersion "1"]
[SourceVersionDate "2024.10.14"]
[SourceQuality "1"]

1. d4 Nf6 2. c4 c5 3. d5 b5 4. cxb5 a6 5. b6 Qxb6 6. Nc3 e6 7. e4 Bb7 8. Nf3 g6 9. Ne5 d6 10. Qa4+ Nbd7 11. Nxd7 Nxd7 12. dxe6 fxe6 13. Qc4 Kf7 14. Be2 Bg7 15. 0-0 Ne5 16. Qa4 Bc6 17. Qd1 Rad8 18. f4 Nd7 19. f5 Bd4+ 20. Kh1 exf5 21. Bc4+ Kg7 22. exf5 Qb7 23. Qd2 h5 24. Qg5 Ne5 25. Be6 Bd7 26. Qe7+ Nf7 27. Qxf7# 1-0

[Event "American Continental Blitz 18th"]
[Site "Medellin"]
[Date "2024.05.29"]
[Round "1"]
[White "Reyes Zavaleta, Fabian Ricardo"]
[Black "Jacome Revelo, Daniela Alexandra"]
[Result "1-0"]
[WhiteElo "2049"]
[BlackElo "1620"]
[PlyCount "47"]
[EventDate "2024.05.29"]
[EventType "swiss (blitz)"]
[EventRounds "9"]
[EventCountry "COL"]
[SourceTitle "CBM 220 Extra"]
[Source "ChessBase"]
[SourceDate "2024.07.31"]
[SourceVersion "1"]
[SourceVersionDate "2024.07.31"]
[SourceQuality "1"]

1. d4 Nf6 2. c4 c5 3. d5 b5 4. cxb5 a6 5. bxa6 g6 6. Nc3 Bxa6 7. e4 Bxf1 8. Kxf1 d6 9. g3 Bg7 10. Nf3 0-0 11. Kg2 Nbd7 12. a4 Ra6 13. Qc2 Qa8 14. Rb1 Rb8 15. b3 c4 16. b4 Rb7 17. h3 Qb8 18. b5 Raa7 19. Ba3 Nb6 20. Nd4 Ra8 21. Nc6 Qc7 22. a5 Nbd7 23. b6 Qc8 24. Nxe7+ 1-0

[Event "American Continental 18th"]
[Site "Medellin"]
[Date "2024.05.27"]
[Round "6"]
[White "Alpala Mejia, David Mauricio"]
[Black "Jacome Revelo, Daniela Alexandra"]
[Result "1/2-1/2"]
[WhiteElo "1859"]
[BlackElo "1620"]
[PlyCount "70"]
[EventDate "2024.05.24"]
[EventType "swiss"]
[EventRounds "11"]
[EventCountry "COL"]
[SourceTitle "CBM 220 Extra"]
[Source "ChessBase"]
[SourceDate "2024.07.31"]
[SourceVersion "1"]
[SourceVersionDate "2024.07.31"]
[SourceQuality "1"]

1. e4 c5 2. Nf3 g6 3. d4 cxd4 4. Nxd4 Nc6 5. c4 Nf6 6. Nc3 d6 7. f3 Nxd4 8. Qxd4 Bg7 9. Be3 0-0 10. Qd2 Be6 11. Rc1 Qa5 12. Be2 a6 13. b3 Rfb8 14. Nd5 Qxd2+ 15. Kxd2 Bxd5 16. cxd5 Rc8 17. Rxc8+ Rxc8 18. Rc1 Rxc1 19. Kxc1 Kf8 20. Kc2 Ke8 21. b4 Kd7 22. Kb3 e6 23. dxe6+ Kxe6 24. Bg5 d5 25. Bxf6 Bxf6 26. exd5+ Kd6 27. a4 h5 28. a5 Be5 29. h3 f6 30. Bd3 g5 31. Kc4 h4 32. Bf5 Bg3 33. Be6 Be5 34. Kd3 Ba1 35. Kc4 Be5 1/2-1/2

[Event "American Continental 18th"]
[Site "Medellin"]
[Date "2024.05.27"]
[Round "5"]
[White "Jacome Revelo, Daniela Alexandra"]
[Black "Correa, Daniel"]
[Result "1/2-1/2"]
[WhiteElo "1620"]
[BlackElo "1792"]
[PlyCount "139"]
[EventDate "2024.05.24"]
[EventType "swiss"]
[EventRounds "11"]
[EventCountry "COL"]
[SourceTitle "CBM 220 Extra"]
[Source "ChessBase"]
[SourceDate "2024.07.31"]
[SourceVersion "1"]
[SourceVersionDate "2024.07.31"]
[SourceQuality "1"]

1. e4 c5 2. Nf3 a6 3. c4 e6 4. d4 b6 5. Nc3 cxd4 6. Nxd4 Bb4 7. Bd2 Nc6 8. Nc2 Be7 9. Bd3 Nf6 10. 0-0 0-0 11. Re1 Ne5 12. Qe2 Bb7 13. Bf4 Ng6 14. Bg3 d6 15. Rad1 Qc7 16. h3 Nd7 17. Ne3 Bf6 18. Qd2 Be5 19. Bxe5 Ndxe5 20. b3 Rfd8 21. Be2 Rac8 22. Ng4 Nxg4 23. Bxg4 b5 24. Be2 bxc4 25. bxc4 Ne5 26. Rc1 Qb6 27. Rb1 Qa7 28. Qb2 Rc7 29. Qb4 Ba8 30. Red1 Qc5 31. Qxc5 Rxc5 32. Rxd6 Rdc8 33. Rbd1 g6 34. Rd8+ Kg7 35. Rxc8 Rxc8 36. Rd4 Nc6 37. Rd7 Ne5 38. Ra7 Nxc4 39. Bxc4 Rxc4 40. Rxa8 Rxc3 41. Rxa6 Rc1+ 42. Kh2 e5 43. a4 f5 44. Ra7+ Kf6 45. exf5 gxf5 46. Rxh7 Ra1 47. Ra7 e4 48. Kg3 Ra3+ 49. Kf4 Ra2 50. Ra6+ Kg7 51. Kxf5 Rxf2+ 52. Kxe4 Rxg2 53. Kf3 Ra2 54. Ra8 Ra1 55. a5 Ra4 56. a6 Kh7 57. a7 Ra1 58. Kf4 Rf1+ 59. Ke5 Re1+ 60. Kd6 Rd1+ 61. Kc7 Rc1+ 62. Kb6 Rb1+ 63. Kc5 Rc1+ 64. Kb4 Rb1+ 65. Kc3 Ra1 66. h4 Ra2 67. h5 Ra1 68. h6 Ra2 69. Kb4 Ra1 70. Kc5 1/2-1/2

[Event "COL-ch U20 Girls"]
[Site "Cali"]
[Date "2023.06.24"]
[Round "4"]
[White "Jacome Revelo, Daniela Alexandra"]
[Black "Lozano Pulgarin, Maria Antonia"]
[Result "1-0"]
[WhiteElo "1343"]
[BlackElo "1292"]
[PlyCount "41"]
[EventDate "2023.06.22"]
[EventType "swiss"]
[EventRounds "7"]
[EventCountry "COL"]
[SourceTitle "CBM 214 Extra"]
[Source "ChessBase"]
[SourceDate "2023.07.31"]
[SourceVersion "1"]
[SourceVersionDate "2023.07.31"]
[SourceQuality "1"]

1. e4 e5 2. Nf3 Nc6 3. Bc4 Bc5 4. c3 Nf6 5. d4 exd4 6. cxd4 Bb4+ 7. Bd2 Bxd2+ 8. Nbxd2 d5 9. exd5 Nxd5 10. 0-0 0-0 11. Re1 Re8 12. Qc2 h6 13. Rxe8+ Qxe8 14. Re1 Qd8 15. a3 Qd6 16. Re8+ Qf8 17. Rxf8+ Kxf8 18. Bxd5 Bd7 19. Qc5+ Kg8 20. Bxc6 Bxc6 21. Ne5 1-0

[Event "COL-ch U12 Girls"]
[Site "Choconta"]
[Date "2023.03.18"]
[Round "2"]
[White "Castillo Anzola, Sara Sofia"]
[Black "Jacome Revelo, Daniela Alexandra"]
[Result "1-0"]
[WhiteElo "1301"]
[BlackElo "1476"]
[PlyCount "109"]
[EventDate "2023.03.17"]
[EventType "swiss"]
[EventRounds "7"]
[EventCountry "COL"]
[SourceTitle "CBM 213 Extra"]
[Source "ChessBase"]
[SourceDate "2023.05.31"]
[SourceVersion "1"]
[SourceVersionDate "2023.05.31"]
[SourceQuality "1"]

1. e4 c5 2. Nf3 g6 3. Nc3 Nc6 4. d4 cxd4 5. Nxd4 Bg7 6. Be3 Nf6 7. f3 d5 8. Bb5 Qd6 9. 0-0 0-0 10. Qd2 dxe4 11. Nxc6 bxc6 12. Qxd6 exd6 13. Bxc6 Rb8 14. Rab1 exf3 15. Bxf3 Bf5 16. Rf2 a5 17. Bf4 Rbd8 18. Rd1 d5 19. Bxd5 Nxd5 20. Nxd5 Bxb2 21. Ne7+ Kh8 22. Rfd2 Rxd2 23. Rxd2 Bc1 24. Rf2 Bxf4 25. Nxf5 Bxh2+ 26. Kxh2 gxf5 27. Rxf5 Rc8 28. Rxa5 Rxc2 29. a4 Ra2 30. Kh3 Kg7 31. g4 Kg6 32. Kh4 f6 33. Ra6 Ra1 34. Ra7 Rh1+ 35. Kg3 h5 36. gxh5+ Rxh5 37. a5 Rh1 38. a6 Ra1 39. Ra8 f5 40. a7 Kf7 41. Kf4 Ra5 42. Rh8 Rxa7 43. Rh7+ Ke6 44. Rxa7 Kf6 45. Ra6+ Kf7 46. Kxf5 Ke7 47. Re6+ Kf7 48. Ke5 Kg7 49. Rf6 Kh7 50. Kf5 Kg7 51. Kg5 Kh7 52. Rg6 Kh8 53. Kf6 Kh7 54. Kf7 Kh8 55. Rh6# 1-0

[Event "Palmira op-B"]
[Site "Palmira"]
[Date "2022.12.18"]
[Round "8"]
[White "Moreno Castillo, Juan Sebastian"]
[Black "Jacome Revelo, Daniela Alexandra"]
[Result "0-1"]
[WhiteElo "1512"]
[BlackElo "1346"]
[PlyCount "32"]
[EventDate "2022.12.14"]
[EventType "swiss"]
[EventRounds "8"]
[EventCountry "COL"]
[SourceTitle "CBM 211 Extra"]
[Source "ChessBase"]
[SourceDate "2023.01.31"]
[SourceVersion "1"]
[SourceVersionDate "2023.01.31"]
[SourceQuality "1"]

1. e4 c5 2. Bc4 Nc6 3. Nf3 g6 4. 0-0 Bg7 5. Nc3 d6 6. h3 Nf6 7. d3 Bd7 8. Bf4 0-0 9. a4 Re8 10. Ra3 Nb4 11. Nd5 Nfxd5 12. Bxd5 Bxb2 13. Rb3 Bg7 14. Bxb7 Rb8 15. Bd5 Bxa4 16. Rb2 Bxb2 0-1

[Event "Palmira op-B"]
[Site "Palmira"]
[Date "2022.12.14"]
[Round "1"]
[White "Jacome Revelo, Daniela Alexandra"]
[Black "Velez Alvarez, Laura Camila"]
[Result "0-1"]
[WhiteElo "1346"]
[BlackElo "1748"]
[PlyCount "76"]
[EventDate "2022.12.14"]
[EventType "swiss"]
[EventRounds "8"]
[EventCountry "COL"]
[SourceTitle "CBM 211 Extra"]
[Source "ChessBase"]
[SourceDate "2023.01.31"]
[SourceVersion "1"]
[SourceVersionDate "2023.01.31"]
[SourceQuality "1"]

1. e4 c5 2. Nf3 d6 3. Bb5+ Bd7 4. Bxd7+ Qxd7 5. 0-0 Nc6 6. c3 Nf6 7. Re1 g6 8. d4 e6 9. Bg5 Bg7 10. Bxf6 Bxf6 11. dxc5 dxc5 12. Qxd7+ Kxd7 13. Nbd2 Rad8 14. Rad1 Kc7 15. Nb3 b6 16. h3 g5 17. Kf1 h5 18. Rxd8 Rxd8 19. g4 c4 20. Nbd2 hxg4 21. hxg4 b5 22. a4 a6 23. axb5 axb5 24. Re3 Ne5 25. Nxe5 Bxe5 26. Nf3 Bf4 27. Re2 Kc6 28. Nd4+ Kc5 29. f3 e5 30. Nf5 b4 31. Ke1 Rd3 32. Rc2 b3 33. Re2 Rxf3 34. Nh6 Bg3+ 35. Kd1 Rf1+ 36. Kd2 Bf4+ 37. Re3 Rf2+ 38. Ke1 Bxe3 0-1